[Event "29th ECh U20"]
[Site "Patras GRE"]
[Date "2001.07.21"]
[Round "6"]
[White "Vallin, Guillaume"]
[Black "Paljusaj, Edmond"]
[Result "1-0"]
[WhiteElo "2359"]
[BlackElo "2230"]
[EventDate "2001.07.16"]
[PlyCount "59"]

1.d4 Nf6 2.c4 g6 3.Nc3 Bg7 4.e4 d6 5.f4 O-O 6.Nf3 c5 7.dxc5 Qa5 8.Bd3 Qxc5
9.Qe2 a6 10.Be3 Qa5 11.O-O Nbd7 12.a3 Ng4 13.b4 Qc7 14.Bd2 b5 15.Rac1 bxc4
16.Bxc4 Nb6 17.Bb3 Qd8 18.a4 Bb7 19.a5 Nd7 20.Bd5 Bxd5 21.Nxd5 Ndf6 22.Nb6
Rb8 23.h3 Rxb6 24.axb6 Qxb6+ 25.Kh1 Nh5 26.Qe1 f5 27.exf5 Bb2 28.hxg4 Bxc1
29.Bxc1 Nf6 30.Qxe7 1-0

[Event "29th ECh U20"]
[Site "Patras GRE"]
[Date "2001.07.21"]
[Round "6"]
[White "Castaldo, Folco"]
[Black "Lazar, Ales"]
[Result "1-0"]
[WhiteElo "2304"]
[BlackElo "2259"]
[EventDate "2001.07.16"]
[PlyCount "107"]

1.e4 c5 2.Nf3 e6 3.c3 Nf6 4.e5 Nd5 5.d4 cxd4 6.cxd4 b6 7.Nc3 Nxc3 8.bxc3 
Qc7 9.Bd2 d6 10.Bd3 Nd7 11.O-O Bb7 12.Ng5 dxe5 13.Qh5 g6 14.Qh3 Be7 15.
Rae1 Bxg5 16.Bxg5 f5 17.Qh6 Kf7 18.dxe5 Qc5 19.Bxf5 gxf5 20.Qh5+ Kg8 21.
Bh6 Nf8 22.Qg5+ Ng6 23.Rd1 Bd5 24.c4 Qe7 25.cxd5 exd5 26.Qd2 Kf7 27.Qxd5+ 
Qe6 28.Qb7+ Ne7 29.Bg5 Rab8 30.Qxa7 Ra8 31.Qb7 Rhb8 32.Qxe7+ Qxe7 33.Bxe7 
Kxe7 34.Rd2 f4 35.Re1 Ra4 36.f3 b5 37.Kf2 Rb6 38.g3 Ke6 39.gxf4 Kf5 40.Ke3
Ra3+ 41.Kf2 Rh6 42.Kg3 Rg6+ 43.Kf2 Rh6 44.Rd8 Rxa2+ 45.Ke3 Rhxh2 46.Rf8+ 
Ke6 47.Rf6+ Ke7 48.Rb6 h5 49.Ke4 Rhe2+ 50.Rxe2 Rxe2+ 51.Kf5 h4 52.Rb7+ Kd8
53.Rxb5 h3 54.Rb7 1-0

[Event "29th ECh U20"]
[Site "Patras GRE"]
[Date "2001.07.21"]
[Round "6"]
[White "Kumin, Simon"]
[Black "Divaris, Kimon"]
[Result "1-0"]
[WhiteElo "2313"]
[BlackElo "2240"]
[EventDate "2001.07.16"]
[PlyCount "67"]

1.d4 g6 2.c4 Bg7 3.e4 d6 4.Nc3 Nc6 5.Be3 e5 6.d5 Nd4 7.Nge2 Nxe2 8.Bxe2 f5
9.exf5 Bxf5 10.g4 Bc8 11.h4 Bh6 12.g5 Bg7 13.h5 Bf5 14.h6 Bf8 15.f4 Ne7 
16.fxe5 dxe5 17.c5 b6 18.d6 cxd6 19.cxd6 Nc6 20.Bb5 Rc8 21.Qa4 Qxd6 22.Rd1
Qc7 23.Nd5 Qb7 24.Nf6+ Ke7 25.Qa3+ Kf7 26.Bc4+ Be6 27.Bxe6+ Kxe6 28.Qb3+ 
Ke7 29.Ng8+ Ke8 30.Qe6+ Be7 31.Nf6+ Kf8 32.O-O Nd8 33.Ne4+ Ke8 34.Nd6# 1-0

[Event "29th ECh U20"]
[Site "Patras GRE"]
[Date "2001.07.21"]
[Round "6"]
[White "Kafka, Graeme"]
[Black "Atakisi, Umut"]
[Result "0-1"]
[WhiteElo "2104"]
[BlackElo "2302"]
[EventDate "2001.07.16"]
[PlyCount "82"]

1.e4 c5 2.Nf3 Nc6 3.d4 cxd4 4.Nxd4 Nf6 5.Nc3 e5 6.Ndb5 d6 7.Bg5 a6 8.Na3 
b5 9.Bxf6 gxf6 10.Nd5 Bg7 11.c3 f5 12.Bd3 Be6 13.Nc2 Bxd5 14.exd5 Ne7 15.
Qh5 e4 16.Be2 Qc8 17.Rd1 b4 18.Qg5 Rg8 19.O-O bxc3 20.bxc3 Qxc3 21.Rc1 Be5
22.Qh5 Nxd5 23.Qxf5 Nf4 24.Bg4 Nd3 25.Bh5 Rg7 26.Rcd1 Nf4 27.Ne3 Kf8 28.
Rc1 Qa5 29.Rc8+ Rxc8 30.Qxc8+ Ke7 31.Rb1 Ne6 32.Nf5+ Kf6 33.Nxg7 Nxg7 34.
Bg4 Qxa2 35.Qb7 Qc4 36.Re1 d5 37.Rd1 Bd4 38.h4 e3 39.Rxd4 exf2+ 40.Kh2 
Qxd4 41.Qxa6+ Ne6 0-1

[Event "29th ECh U20"]
[Site "Patras GRE"]
[Date "2001.07.21"]
[Round "6"]
[White "Poliakov, Dmitry"]
[Black "Verkasalo, Tommi"]
[Result "1-0"]
[WhiteElo "2267"]
[BlackElo "2037"]
[EventDate "2001.07.16"]
[PlyCount "67"]

1.c4 c5 2.Nc3 Nc6 3.g3 g6 4.Bg2 Bg7 5.e4 d6 6.Nge2 e6 7.d3 Nge7 8.Rb1 O-O 
9.O-O Bd7 10.a3 a5 11.Nb5 Be8 12.Be3 b6 13.d4 cxd4 14.Nexd4 Rc8 15.Nxc6 
Rxc6 16.b3 Qb8 17.Qd3 Bd7 18.Rfd1 Rd8 19.f4 d5 20.e5 Nf5 21.Bf2 Rcc8 22.
cxd5 exd5 23.g4 Ne7 24.h3 Bf8 25.Nd6 Rc7 26.f5 Nc6 27.fxg6 hxg6 28.Bxd5 
Nxe5 29.Bxf7+ Kg7 30.Bd4 Bxd6 31.Qxg6+ Kf8 32.Qxd6+ Kxf7 33.Rf1+ Kg8 34.
Qxe5 1-0

[Event "29th ECh U20"]
[Site "Patras GRE"]
[Date "2001.07.21"]
[Round "6"]
[White "Zournatsidis, Evgenios"]
[Black "Georgiou, Kostantinos"]
[Result "1/2-1/2"]
[WhiteElo "2098"]
[BlackElo "2142"]
[EventDate "2001.07.16"]
[PlyCount "25"]

1.d4 d5 2.Nf3 Nf6 3.Bf4 g6 4.e3 Bg7 5.Bd3 c6 6.h3 Qb6 7.Qc1 O-O 8.O-O Re8 
9.Nbd2 Nfd7 10.c3 e5 11.dxe5 Nxe5 12.Nxe5 Bxe5 13.Bxe5 1/2-1/2

[Event "29th ECh U20"]
[Site "Patras GRE"]
[Date "2001.07.21"]
[Round "6"]
[White "Gengler, Pierre"]
[Black "Zvan, Ziga"]
[Result "1/2-1/2"]
[WhiteElo "2023"]
[BlackElo "2168"]
[EventDate "2001.07.16"]
[PlyCount "103"]

1.e4 e5 2.Nf3 Nc6 3.Bb5 a6 4.Ba4 Nf6 5.O-O Be7 6.Re1 b5 7.Bb3 d6 8.c3 O-O 
9.d4 Bg4 10.d5 Na5 11.Bc2 Ne8 12.h3 Bd7 13.a4 g6 14.axb5 axb5 15.Nbd2 f5 
16.b4 Nb7 17.Rxa8 Qxa8 18.exf5 gxf5 19.Nf1 Kh8 20.Ng5 Ng7 21.f4 Bxg5 22.
fxg5 Nd8 23.Ng3 Nf7 24.Nh5 Nxh5 25.Qxh5 Kg7 26.g4 Nh8 27.Rf1 Qc8 28.Rf2 
Kg8 29.gxf5 Bxf5 30.Bxf5 Rxf5 31.Qg4 Rf8 32.Qxc8 Rxc8 33.Ra2 Ng6 34.Ra5 c6
35.dxc6 Rxc6 36.Bd2 Nf4 37.Bxf4 exf4 38.Ra3 Kf7 39.Kf2 Kg6 40.h4 Rc7 41.
Ra6 Rxc3 42.Rxd6+ Kf5 43.Rd7 Kg6 44.Rd6+ Kf5 45.Rd7 Rc2+ 46.Kf1 Kg4 47.
Rxh7 Kg3 48.Re7 f3 49.g6 Rh2 50.Ke1 Rxh4 51.g7 Rg4 52.Kf1 1/2-1/2

[Event "29th ECh U20"]
[Site "Patras GRE"]
[Date "2001.07.23"]
[Round "7"]
[White "Izoria, Zviad"]
[Black "Timofeev, Artiom"]
[Result "1-0"]
[WhiteElo "2486"]
[BlackElo "2521"]
[EventDate "2001.07.16"]
[PlyCount "79"]

1.c4 c5 2.Nf3 g6 3.d4 cxd4 4.Nxd4 Nf6 5.Nc3 Nc6 6.g3 d6 7.Bg2 Bd7 8.O-O 
Bg7 9.Nc2 O-O 10.b3 a6 11.Bb2 Qa5 12.Rb1 Rab8 13.e4 Qh5 14.Qxh5 Nxh5 15.
Rfd1 Rfd8 16.Nd5 Be6 17.f4 Bxb2 18.Rxb2 Ng7 19.Nce3 f5 20.Nc7 Bd7 21.exf5 
gxf5 22.Rbd2 Rdc8 23.Ncd5 b6 24.Nc2 Kf7 25.Re1 Ne8 26.Bf3 Nf6 27.Rde2 Ng8 
28.Ndb4 a5 29.Bd5+ Kf6 30.Nxc6 Bxc6 31.Bxg8 Rxg8 32.Re6+ Kg7 33.Rxe7+ Kh6 
34.R1e6+ Rg6 35.Nd4 Be4 36.g4 Rg8 37.Kf2 Rxe6 38.Rxe6+ Kg7 39.g5 Rd8 40.
Rxe4 1-0

[Event "29th ECh U20"]
[Site "Patras GRE"]
[Date "2001.07.23"]
[Round "7"]
[White "Buhmann, Rainer"]
[Black "Postny, Evgeny"]
[Result "1/2-1/2"]
[WhiteElo "2498"]
[BlackElo "2486"]
[EventDate "2001.07.16"]
[PlyCount "199"]

1.d4 Nf6 2.c4 e6 3.Nf3 b6 4.a3 Bb7 5.Nc3 d5 6.cxd5 Nxd5 7.Qc2 Be7 8.e4 
Nxc3 9.bxc3 O-O 10.Bd3 c5 11.O-O Qc8 12.Qe2 Ba6 13.Bf4 Bxd3 14.Qxd3 Rd8 
15.Rfd1 Nd7 16.a4 Nf6 17.Bg5 Qc7 18.Ra2 h6 19.Bxf6 Bxf6 20.Qe2 Rac8 21.a5 
bxa5 22.Qb5 cxd4 23.cxd4 Qb6 24.Qxa5 Bxd4 25.Nxd4 Rxd4 26.Rda1 Rdc4 27.g3 
Rc1+ 28.Rxc1 Rxc1+ 29.Kg2 Qb1 30.Qxa7 Qxe4+ 31.f3 Rc2+ 32.Rxc2 Qxc2+ 33.
Kh3 Qe2 34.Qa8+ Kh7 35.g4 Kg6 36.Kg3 Qe5+ 37.Kg2 Qe2+ 38.Kg3 Qe5+ 39.Kg2 
Kg5 40.Qd8+ f6 41.Qd2+ Kg6 42.Qd3+ Kf7 43.Qd7+ Kg8 44.Qd8+ Kf7 45.Qd7+ Kg6
46.Qd3+ f5 47.gxf5+ Qxf5 48.Qe2 Kf6 49.Qb2+ Qe5 50.Qb6 Qg5+ 51.Kf2 Qd2+ 
52.Kg3 Qg5+ 53.Kf2 Qd2+ 54.Kg3 h5 55.h4 Qe1+ 56.Kg2 Qd2+ 57.Kh3 Qd5 58.
Qb2+ Kg6 59.Qg2+ Kf7 60.Qe2 Qf5+ 61.Kg3 e5 62.Qc4+ Kg6 63.Qc6+ Kh7 64.Qc4 
Qg6+ 65.Kf2 Qf6 66.Kg3 Kh6 67.Qc1+ Kh7 68.Qc4 Qd6 69.Kh3 Kg6 70.Qe4+ Kf6 
71.Kg3 Qc5 72.Kg2 Qd6 73.Kg3 Qb6 74.Kg2 Qc7 75.Qd3 Qc6 76.Kg3 Qe6 77.Qd8+ 
Kf7 78.Qc7+ Kg6 79.Qc1 Kh7 80.Qe3 Qf5 81.Qd2 Qg6+ 82.Kf2 Qb6+ 83.Kg2 Qh6 
84.Qe2 Qf4 85.Qd3+ Kh6 86.Qd6+ Qf6 87.Qd2+ Kh7 88.Kg3 Qg6+ 89.Kf2 Qb6+ 90.
Kg2 Qh6 91.Qe2 Qf6 92.Kh3 Kh6 93.Qd2+ Qf4 94.Qd6+ g6 95.Kg2 Qf5 96.Qd8 Kh7
97.Qe7+ Kg8 98.Qe8+ Kh7 99.Qe7+ Kh6 100.Qd8 1/2-1/2

[Event "29th ECh U20"]
[Site "Patras GRE"]
[Date "2001.07.23"]
[Round "7"]
[White "Smirnov, Pavel"]
[Black "Stryjecki, Marek"]
[Result "0-1"]
[WhiteElo "2530"]
[BlackElo "2441"]
[EventDate "2001.07.16"]
[PlyCount "92"]

1.e4 e6 2.d4 d5 3.Nc3 Bb4 4.e5 c5 5.a3 Bxc3+ 6.bxc3 Qc7 7.Qg4 f5 8.Qg3 
cxd4 9.cxd4 Ne7 10.Bd2 O-O 11.Bd3 b6 12.Ne2 Ba6 13.Nf4 Qd7 14.h4 Bxd3 15.
Qxd3 Nbc6 16.Rh3 Ng6 17.Ne2 Rac8 18.h5 Nge7 19.Rg3 Nd8 20.Nf4 Rf7 21.Kf1 
Qa4 22.Kg1 Qxc2 23.Qb5 Rc6 24.Be3 Qc4 25.Qb1 Qc2 26.Qe1 Qc3 27.Qd1 Qc2 28.
Qf3 Kh8 29.h6 g6 30.Nh3 Ng8 31.Bg5 Rd7 32.Re1 Nf7 33.Bf6+ Nxf6 34.exf6 Qd2
35.Rd1 Qxh6 36.Re1 Qh4 37.Qe2 Qxf6 38.Nf4 g5 39.Nh5 Qh6 40.Qf3 f4 41.Rh3 
Qg6 42.Qg4 h6 43.Kh2 Kh7 44.Rc3 Rdd6 45.Rh3 Rc2 46.Kg1 Rdc6 0-1

[Event "29th ECh U20"]
[Site "Patras GRE"]
[Date "2001.07.23"]
[Round "7"]
[White "Korobov, Anton"]
[Black "Berg, Emanuel"]
[Result "1-0"]
[WhiteElo "2470"]
[BlackElo "2496"]
[EventDate "2001.07.16"]
[PlyCount "78"]

1.d4 f5 2.g3 Nf6 3.Bg2 g6 4.c3 Bg7 5.Qb3 Na6 6.Nh3 c5 7.Nd2 cxd4 8.cxd4 
Nc7 9.Nf4 Rb8 10.h4 d6 11.Nf3 Ne4 12.O-O Qd7 13.Be3 Qb5 14.Qxb5+ Nxb5 15.
a4 Nc7 16.Rac1 Na6 17.Ng5 Nxg5 18.hxg5 Bd7 19.Bd5 Bxa4 20.Ne6 Bf8 21.Ra1 
Bb5 22.Rfc1 Bxe2 23.Bd2 Kd7 24.Nf4 Bb5 25.Ra5 Nc7 26.Rxc7+ Kxc7 27.Rxb5 e5
28.Ne6+ Kd7 29.Bc3 Be7 30.dxe5 Rhc8 31.Nf4 Rc5 32.e6+ Ke8 33.Rxb7 Rxb7 34.
Bxb7 Bxg5 35.Nd5 Kd8 36.b4 Rc4 37.b5 h5 38.Bc6 Ra4 39.b6 Ra3 1-0

[Event "29th ECh U20"]
[Site "Patras GRE"]
[Date "2001.07.23"]
[Round "7"]
[White "Dziuba, Marcin"]
[Black "Pert, Nicholas"]
[Result "1-0"]
[WhiteElo "2471"]
[BlackElo "2475"]
[EventDate "2001.07.16"]
[PlyCount "63"]

1.d4 e6 2.c4 Nf6 3.Nf3 b6 4.a3 Ba6 5.Qc2 Bb7 6.Nc3 c5 7.e4 cxd4 8.Nxd4 Bc5
9.Nb3 Nc6 10.Bg5 h6 11.Bh4 Nd4 12.Nxd4 Bxd4 13.Bd3 Qb8 14.Bg3 Be5 15.O-O-O
O-O 16.Kb1 Rc8 17.Rhe1 d6 18.Bxe5 dxe5 19.Qe2 a6 20.g4 b5 21.cxb5 axb5 22.
Na2 Ra4 23.f3 Rd8 24.Bxb5 Rad4 25.Rxd4 exd4 26.Nb4 e5 27.Rc1 Qd6 28.Qc2 
Rc8 29.Qd2 Rb8 30.a4 Nd7 31.Nd3 Ba6 32.Rc6 1-0

[Event "29th ECh U20"]
[Site "Patras GRE"]
[Date "2001.07.23"]
[Round "7"]
[White "Kumin, Simon"]
[Black "Lupulescu, Constantin"]
[Result "0-1"]
[WhiteElo "2313"]
[BlackElo "2465"]
[EventDate "2001.07.16"]
[PlyCount "113"]

1.d4 Nf6 2.c4 g6 3.Nc3 d5 4.cxd5 Nxd5 5.e4 Nxc3 6.bxc3 c5 7.Nf3 Bg7 8.Rb1 
O-O 9.Be2 cxd4 10.cxd4 Qa5+ 11.Bd2 Qxa2 12.O-O Bg4 13.Bg5 h6 14.Bh4 g5 15.
Bg3 Nc6 16.d5 Bxf3 17.Bxf3 Nd4 18.Rxb7 e6 19.Bh5 exd5 20.Bd6 dxe4 21.Bxf8 
Rxf8 22.Qb1 Ne2+ 23.Bxe2 Qxe2 24.Re7 a5 25.Rxe4 Qa6 26.Qb3 Ra8 27.Rfe1 Qc6
28.Re7 Rf8 29.Qa2 Bc3 30.Rd1 Bb4 31.Ra7 Qf6 32.Qd5 Kg7 33.g3 Re8 34.Rd3 
Re7 35.Ra8 Re5 36.Qd8 Qxd8 37.Rdxd8 Bc5 38.Rg8+ Kh7 39.Rh8+ Kg6 40.Rhe8 
Rf5 41.Re2 h5 42.Kg2 Bb4 43.h3 Kg7 44.Re3 Rd5 45.Ra7 Kg6 46.Rf3 f6 47.Ra6 
Bd6 48.Rc3 Bb4 49.Rc7 g4 50.h4 Rf5 51.Raa7 Rf3 52.Rg7+ Kf5 53.Rh7 Be1 54.
Rxa5+ Kg6 55.Raxh5 Rxf2+ 56.Kg1 Rf3 57.R7h6+ 0-1

[Event "29th ECh U20"]
[Site "Patras GRE"]
[Date "2001.07.23"]
[Round "7"]
[White "Guseinov, Gadir"]
[Black "Pilaj, Herwig"]
[Result "1-0"]
[WhiteElo "2456"]
[BlackElo "2297"]
[EventDate "2001.07.16"]
[PlyCount "170"]

1.e4 c5 2.Nc3 e6 3.Nf3 a6 4.d4 cxd4 5.Nxd4 b5 6.Be2 Bb7 7.Bf3 d6 8.O-O Nd7
9.a4 bxa4 10.Rxa4 Nc5 11.Ra1 Nf6 12.Qe2 e5 13.Nf5 g6 14.Ne3 Ne6 15.Nc4 Nd4
16.Qd1 a5 17.Be3 Ba6 18.b3 Bxc4 19.bxc4 Nxf3+ 20.Qxf3 Be7 21.Rfd1 Nd7 22.
Nb5 Ra6 23.Bh6 Qc8 24.Qc3 a4 25.Rd2 Nc5 26.Qe3 Ne6 27.Rad1 Qxc4 28.Nxd6+ 
Bxd6 29.Rxd6 Rxd6 30.Rxd6 Ke7 31.Qa3 Kf6 32.Qg3 Ke7 33.Qxe5 f6 34.Qg3 Qxe4
35.h4 Ra8 36.Rb6 Kf7 37.Qa3 Ra7 38.Be3 Rd7 39.Rd6 Rb7 40.Qa2 Ke7 41.Ra6 
Rc7 42.g3 Kf7 43.Ra7 Rxa7 44.Bxa7 Kg7 45.c4 Qe1+ 46.Kh2 Qd1 47.Be3 Qb3 48.
Qd2 Qb7 49.Qd6 Kf7 50.Bc1 Qc7 51.Qd5 Qa7 52.Be3 Qc7 53.Qb5 a3 54.Qa6 g5 
55.hxg5 Nxg5 56.c5 Nf3+ 57.Kg2 Ne5 58.Qxa3 Qb7+ 59.Kg1 Qb1+ 60.Qc1 Qe4 61.
Qc3 h5 62.Kf1 Ke6 63.Ke2 Qf3+ 64.Kd2 Qd5+ 65.Kc1 Qf3 66.Qd4 Qe2 67.Qd6+ 
Kf5 68.Qd2 Qf1+ 69.Kc2 Qc4+ 70.Qc3 Qa2+ 71.Kc1 Ke4 72.Qb4+ Kf3 73.Qc3 Kg2 
74.c6 Qe2 75.c7 Qf1+ 76.Kb2 Qb5+ 77.Kc1 Qf1+ 78.Kb2 Qb5+ 79.Qb3 Nc4+ 80.
Kc3 Nd6 81.Kc2 Qc6+ 82.Kd2 Qxc7 83.Qd5+ Kh2 84.Qxh5+ Kg2 85.Qd5+ Kh2 1-0

[Event "29th ECh U20"]
[Site "Patras GRE"]
[Date "2001.07.23"]
[Round "7"]
[White "Jirka, Jiri"]
[Black "Berkvens, Joost"]
[Result "1-0"]
[WhiteElo "2292"]
[BlackElo "2444"]
[EventDate "2001.07.16"]
[PlyCount "91"]

1.d4 d6 2.Nf3 g6 3.g3 Bg7 4.Bg2 Nf6 5.c4 O-O 6.Nc3 Nc6 7.d5 Na5 8.b3 c6 9.
Bb2 b5 10.dxc6 bxc4 11.Nd4 d5 12.b4 Rb8 13.Ncb5 Rxb5 14.Nxb5 Nxc6 15.Nc3 
e6 16.a3 Qe7 17.O-O Rd8 18.Qa4 Nd4 19.Rad1 Nb3 20.Na2 Qb7 21.b5 Qb6 22.Qb4
Bd7 23.a4 Rc8 24.Nc1 Nc5 25.Bd4 a6 26.Na2 a5 27.Qc3 Qd8 28.Qc2 Qe7 29.Nc3 
Nb3 30.Be3 Nh5 31.Bxd5 exd5 32.Nxd5 Qe5 33.Nb6 Bf5 34.Qa2 Qe4 35.Nxc8 Bh3 
36.Rd8+ Bf8 37.Rxf8+ Kxf8 38.Bh6+ Kg8 39.f3 Qd4+ 40.e3 Qd3 41.Ne7+ Kh8 42.
Re1 c3 43.Qe2 Qxe2 44.Rxe2 Nd2 45.Kf2 Nf6 46.e4 1-0

[Event "29th ECh U20"]
[Site "Patras GRE"]
[Date "2001.07.23"]
[Round "7"]
[White "Le Roux, Jean-Pierre"]
[Black "Mastrovasilis, Dimitrios"]
[Result "0-1"]
[WhiteElo "2285"]
[BlackElo "2435"]
[EventDate "2001.07.16"]
[PlyCount "70"]

1.c4 Nf6 2.Nf3 c6 3.b3 d5 4.Bb2 Bf5 5.g3 e6 6.Bg2 Nbd7 7.O-O Bd6 8.d3 Qe7 
9.a3 O-O 10.Nc3 Bg4 11.Re1 a6 12.b4 Rad8 13.Qb3 h5 14.h3 Bxf3 15.exf3 h4 
16.f4 d4 17.Ne4 Nxe4 18.dxe4 e5 19.c5 Bc7 20.f5 a5 21.Bf1 Ra8 22.Bc4 b6 
23.cxb6 Nxb6 24.Bd3 Rfb8 25.Rec1 axb4 26.axb4 Rxa1 27.Rxa1 Nc8 28.Ba3 Nd6 
29.Rc1 hxg3 30.fxg3 Qg5 31.Bf1 Nxe4 32.Rxc6 Bb6 33.Bc1 d3+ 34.Rxb6 Qxg3+ 
35.Bg2 Rxb6 0-1

[Event "29th ECh U20"]
[Site "Patras GRE"]
[Date "2001.07.23"]
[Round "7"]
[White "Flumbort, Andras"]
[Black "Mladenov, Svetlin"]
[Result "1-0"]
[WhiteElo "2372"]
[BlackElo "2306"]
[EventDate "2001.07.16"]
[PlyCount "57"]

1.d4 Nf6 2.c4 g6 3.Nc3 Bg7 4.e4 d6 5.Be2 O-O 6.Nf3 c5 7.d5 b5 8.cxb5 a6 9.
O-O axb5 10.Bxb5 Na6 11.Re1 Nc7 12.Bc6 Rb8 13.e5 Ng4 14.exd6 exd6 15.Bg5 
f6 16.Bc1 f5 17.Bg5 Bf6 18.Bxf6 Qxf6 19.Qd2 Ba6 20.h3 Ne5 21.Nxe5 dxe5 22.
d6 Ne6 23.Bd5 Kg7 24.Bxe6 Qxe6 25.Rad1 Rfd8 26.Na4 Qxa2 27.Nxc5 Rxb2 28.
Qg5 Rxf2 29.Qe7+ 1-0

[Event "29th ECh U20"]
[Site "Patras GRE"]
[Date "2001.07.23"]
[Round "7"]
[White "Atakisi, Umut"]
[Black "Vallin, Guillaume"]
[Result "0-1"]
[WhiteElo "2302"]
[BlackElo "2359"]
[EventDate "2001.07.16"]
[PlyCount "100"]

1.e4 e6 2.d4 d5 3.Nc3 Nf6 4.Bg5 Bb4 5.e5 h6 6.Bd2 Bxc3 7.bxc3 Ne4 8.Qg4 g6
9.Bd3 Nxd2 10.Kxd2 c5 11.h4 Nc6 12.Nf3 Qc7 13.Qf4 f5 14.dxc5 Bd7 15.g4 Na5
16.Nd4 Qxc5 17.gxf5 gxf5 18.Nb3 Qc7 19.Nxa5 Qxa5 20.Qb4 Qxb4 21.cxb4 Rg8 
22.Rag1 Ke7 23.b5 Raf8 24.Be2 f4 25.Bd3 Be8 26.a4 Bh5 27.Bh7 Rxg1 28.Rxg1 
Kf7 29.a5 Rc8 30.b6 axb6 31.axb6 Rc6 32.Rb1 Bg6 33.Bxg6+ Kxg6 34.Rg1+ Kf5 
35.h5 Rxb6 36.Rg6 Rb1 37.Rxh6 Kxe5 38.Rh8 Rh1 39.h6 Ke4 40.h7 e5 41.f3+ 
Kxf3 42.Re8 Rxh7 43.Rxe5 Rg7 44.Rxd5 Kg2 45.Rf5 f3 46.Ke3 Re7+ 47.Kd2 f2 
48.Rg5+ Kf3 49.Rf5+ Kg3 50.Rf8 Re1 0-1

[Event "29th ECh U20"]
[Site "Patras GRE"]
[Date "2001.07.23"]
[Round "7"]
[White "Haznedaroglu, Kivanc"]
[Black "Castaldo, Folco"]
[Result "1/2-1/2"]
[WhiteElo "2345"]
[BlackElo "2304"]
[EventDate "2001.07.16"]
[PlyCount "48"]

1.e4 e6 2.d4 d5 3.Nc3 Nf6 4.Bg5 Bb4 5.e5 h6 6.Bd2 Bxc3 7.Bxc3 Ne4 8.Qg4 g6
9.Bd3 Nxc3 10.bxc3 c5 11.dxc5 Nc6 12.Bb5 Bd7 13.Bxc6 Bxc6 14.Nf3 Qe7 15.
Qd4 Bb5 16.Rb1 Ba6 17.Qa4+ Qd7 18.Qa5 O-O 19.Qb4 Rac8 20.h4 Qc7 21.Rh3 
Qxc5 22.Qxc5 Rxc5 23.Nd4 Rfc8 24.Kd2 Ra5 1/2-1/2

[Event "29th ECh U20"]
[Site "Patras GRE"]
[Date "2001.07.23"]
[Round "7"]
[White "Poliakov, Dmitry"]
[Black "Kujovic, Michal"]
[Result "0-1"]
[WhiteElo "2267"]
[BlackElo "2335"]
[EventDate "2001.07.16"]
[PlyCount "170"]

1.e4 c5 2.Nf3 d6 3.d4 cxd4 4.Nxd4 Nf6 5.Nc3 a6 6.Bd3 e6 7.O-O b5 8.a3 Bb7 
9.Qe2 Nbd7 10.Kh1 Nc5 11.f4 Be7 12.Bd2 O-O 13.Rf3 Re8 14.Rh3 g6 15.f5 e5 
16.fxg6 fxg6 17.Nb3 Bc8 18.Rg3 Be6 19.Bg5 Nxd3 20.Rxd3 Bc4 21.Rad1 Bxd3 
22.Qxd3 Ng4 23.Qe2 h5 24.Be3 Bg5 25.Bg1 Rf8 26.Nd2 Bxd2 27.Qxd2 Qf6 28.h3 
Nf2+ 29.Bxf2 Qxf2 30.Qxd6 Qf6 31.Qd3 Qg5 32.Nd5 Rf2 33.Rg1 Raf8 34.a4 Kh7 
35.axb5 axb5 36.Qxb5 Qh4 37.Qd7+ Kh6 38.c4 Rf1 39.Ne7 R1f7 40.Qd2+ Kh7 41.
Nd5 Rf2 42.Qb4 Qxe4 43.b3 Kh6 44.Qc3 Rc2 45.Qg3 Rb2 46.Re1 h4 47.Qg5+ Kxg5
48.Rxe4 Kf5 49.Rxh4 Rxb3 50.Ne7+ Kf6 51.Nd5+ Ke6 52.Rg4 Rg8 53.Kg1 Rd3 54.
Nc7+ Kf5 55.Nd5 Rg7 56.Kf2 Rd4 57.Ne3+ Ke6 58.Rg5 Kf6 59.Rg3 Ra7 60.Ng4+ 
Ke6 61.Rb3 Ra6 62.Rb5 Rf4+ 63.Ke3 Ra3+ 64.Ke2 Re4+ 65.Kf2 Kf5 66.Nh6+ Kf4 
67.Rb2 Rxc4 68.Re2 Rca4 69.Ng4 e4 70.Ne3 Ra2 71.g3+ Ke5 72.Nc2 Rc4 73.Ne3 
Rxe2+ 74.Kxe2 Ra4 75.Kd2 Ra1 76.h4 Ra2+ 77.Kc3 Ra3+ 78.Kd2 Rd3+ 79.Ke2 Kd4
80.Nf1 Ra3 81.g4 Ra2+ 82.Ke1 e3 83.Ng3 Kd3 84.Kf1 Ra8 85.Kg2 e2 0-1

[Event "29th ECh U20"]
[Site "Patras GRE"]
[Date "2001.07.23"]
[Round "7"]
[White "Lazar, Ales"]
[Black "Pert, Richard"]
[Result "1/2-1/2"]
[WhiteElo "2259"]
[BlackElo "2245"]
[EventDate "2001.07.16"]
[PlyCount "46"]

1.e4 c5 2.c3 d5 3.exd5 Qxd5 4.d4 Nf6 5.Nf3 Bg4 6.Be2 e6 7.h3 Bh5 8.O-O Nc6
9.Be3 cxd4 10.cxd4 Be7 11.Nc3 Qd6 12.a3 O-O 13.Qb3 Rfd8 14.Rfd1 Nd5 15.Ne4
Qb8 16.Rac1 Bg6 17.Nc5 b6 18.Nd3 Be4 19.Nde5 Na5 20.Qa4 f6 21.Nd3 Qb7 22.
b4 Nc4 23.Qb3 Ncxe3 1/2-1/2

[Event "29th ECh U20"]
[Site "Patras GRE"]
[Date "2001.07.23"]
[Round "7"]
[White "Paljusaj, Edmond"]
[Black "Ginzburg, Mikhail"]
[Result "0-1"]
[WhiteElo "2230"]
[BlackElo "2274"]
[EventDate "2001.07.16"]
[PlyCount "60"]

1.e4 c5 2.Nf3 e6 3.d4 cxd4 4.Nxd4 a6 5.Nc3 Nc6 6.g3 Qc7 7.Bg2 Nf6 8.O-O 
Be7 9.Re1 d6 10.Nxc6 bxc6 11.e5 dxe5 12.Rxe5 O-O 13.Bf4 Qd7 14.Qe2 Bd6 15.
Rd1 Nd5 16.Nxd5 exd5 17.Rexd5 cxd5 18.Rxd5 Qe8 19.Be3 Bb8 20.Rh5 Ra7 21.
Qc4 Qd7 22.Bf3 Bb7 23.Be2 Ra8 24.Qh4 Qc6 25.f3 Qxc2 26.Kf2 Ba7 27.Bxa7 
Rxa7 28.Qd4 Raa8 29.Rc5 Rad8 30.Qb4 Qd2 0-1

[Event "29th ECh U20"]
[Site "Patras GRE"]
[Date "2001.07.23"]
[Round "7"]
[White "Guidarelli, Laurent"]
[Black "Zournatsidis, Evgenios"]
[Result "0-1"]
[WhiteElo "2323"]
[BlackElo "2098"]
[EventDate "2001.07.16"]
[PlyCount "58"]

1.e4 d5 2.exd5 Qxd5 3.Nc3 Qa5 4.d4 c6 5.Nf3 Nf6 6.Ne5 Bf5 7.Bd3 Bxd3 8.
Qxd3 e6 9.O-O Nbd7 10.Nxd7 Nxd7 11.Qf3 g6 12.Ne4 Qd5 13.b3 Be7 14.c4 Qxd4 
15.Bh6 f5 16.Ng5 Bxg5 17.Bxg5 h6 18.Bf4 e5 19.Rfe1 O-O-O 20.Be3 Qh4 21.
Bxa7 e4 22.Qc3 Rhe8 23.f3 b6 24.c5 exf3 25.Rxe8 f2+ 26.Kf1 Rxe8 27.cxb6 
Kb7 28.Qg3 Qd4 29.Rb1 Qd2 0-1

[Event "29th ECh U20"]
[Site "Patras GRE"]
[Date "2001.07.23"]
[Round "7"]
[White "Verkasalo, Tommi"]
[Black "Divaris, Kimon"]
[Result "1/2-1/2"]
[WhiteElo "2037"]
[BlackElo "2240"]
[EventDate "2001.07.16"]
[PlyCount "120"]

1.e4 g6 2.d4 Bg7 3.Nc3 c6 4.f4 d5 5.e5 h5 6.Be3 Nh6 7.Nf3 Bg4 8.h3 Bxf3 9.
Qxf3 Nf5 10.Bf2 h4 11.Bd3 e6 12.O-O Nd7 13.Ne2 Bf8 14.b3 Bb4 15.a3 Ba5 16.
c4 dxc4 17.bxc4 Nb6 18.Rfd1 Qd7 19.Kh2 Rd8 20.Rab1 Kf8 21.Rbc1 Kg7 22.Be4 
Ne7 23.Qg4 Nf5 24.Qf3 Ne7 25.Qb3 Rh5 26.Ng1 Qc7 27.Nf3 Rdh8 28.d5 Nf5 29.
Rd3 cxd5 30.Bxf5 gxf5 31.c5 Nc4 32.Nd4 Bd2 33.Nb5 Bxf4+ 34.g3 Qxe5 35.Bd4 
hxg3+ 36.Kg2 Qxd4 37.Nxd4 Bxc1 38.Rxg3+ Rg5 39.Rxg5+ Bxg5 40.Qxb7 Kf6 41.
c6 Ne3+ 42.Kf2 Rxh3 43.Nf3 Bf4 44.c7 Rg3 45.Qb2+ e5 46.Ke1 Rxf3 47.Qe2 
Bg3+ 48.Kd2 Nf1+ 49.Kc2 Rf2 50.Kd1 Rxe2 51.Kxe2 Nh2 52.c8=Q d4 53.Qd8+ Ke6
54.Qc8+ Kf6 55.Qd8+ Ke6 56.Qe8+ Kf6 57.Qd8+ Ke6 58.Qe8+ Kf6 59.Qd8+ Ke6 
60.Qc8+ Kf6 1/2-1/2

[Event "29th ECh U20"]
[Site "Patras GRE"]
[Date "2001.07.23"]
[Round "7"]
[White "Zvan, Ziga"]
[Black "Kafka, Graeme"]
[Result "1-0"]
[WhiteElo "2168"]
[BlackElo "2104"]
[EventDate "2001.07.16"]
[PlyCount "51"]

1.e4 c5 2.Nf3 d6 3.d4 cxd4 4.Nxd4 Nf6 5.Nc3 g6 6.Be3 Bg7 7.Bc4 Nc6 8.f3 
O-O 9.Qd2 Bd7 10.h4 Rc8 11.Bb3 h5 12.O-O-O Ne5 13.Kb1 Nc4 14.Bxc4 Rxc4 15.
g4 hxg4 16.h5 Nxh5 17.fxg4 Nf6 18.Qh2 Rxc3 19.bxc3 Qb6+ 20.Ka1 Qa5 21.Bd2 
Rc8 22.Rdf1 Nxe4 23.Qh7+ Kf8 24.Qxg6 f5 25.Rh8+ Bxh8 26.Bh6+ 1-0

[Event "29th ECh U20"]
[Site "Patras GRE"]
[Date "2001.07.23"]
[Round "7"]
[White "Tsiamis, Konstantinos"]
[Black "Gengler, Pierre"]
[Result "1-0"]
[WhiteElo "2217"]
[BlackElo "2023"]
[EventDate "2001.07.16"]
[PlyCount "97"]

1.e4 c5 2.Nf3 e6 3.b3 b6 4.d4 cxd4 5.Nxd4 Bb7 6.Bd3 Bc5 7.Bb2 Qf6 8.c3 Qg6
9.O-O Bxd4 10.cxd4 Bxe4 11.Bxe4 Qxe4 12.d5 Nf6 13.Bxf6 gxf6 14.Re1 Qf5 15.
dxe6 fxe6 16.Qd6 Qc5 17.Qg3 Nc6 18.Nd2 Qg5 19.Qd6 Rg8 20.g3 Ne5 21.Rad1 
Rd8 22.Qc7 Qf5 23.Qxa7 Qh3 24.Qxb6 Rg5 25.f4 Rh5 26.Re2 Nf7 27.Nf1 Qf5 28.
Red2 e5 29.Re2 Rc8 30.Qb7 Rc3 31.Red2 exf4 32.Rxd7 Qc5+ 33.R1d4 fxg3 34.
hxg3 Rxg3+ 35.Nxg3 Qc1+ 36.Rd1 Qc5+ 37.R7d4 Rg5 38.Qb8+ Ke7 39.Qf4 h6 40.
Qh4 Ne5 41.Qf4 Kf7 42.Qe4 Kg7 43.Qf4 Rg4 44.Qf2 Qc3 45.Rxg4+ Nxg4 46.Qf4 
Qc5+ 47.Qd4 Qg5 48.Qd7+ Kg6 49.Qe8+ 1-0

[Event "29th ECh U20"]
[Site "Patras GRE"]
[Date "2001.07.24"]
[Round "8"]
[White "Timofeev, Artiom"]
[Black "Postny, Evgeny"]
[Result "1/2-1/2"]
[WhiteElo "2521"]
[BlackElo "2486"]
[EventDate "2001.07.16"]
[PlyCount "53"]

1.e4 e5 2.Nf3 Nc6 3.Bb5 Nf6 4.d3 d6 5.c3 Bd7 6.O-O g6 7.Re1 Bg7 8.Nbd2 O-O
9.a4 Nh5 10.a5 a6 11.Bc4 Qe8 12.Qb3 Rb8 13.Nf1 Bg4 14.Qd1 Kh8 15.Ne3 Bd7 
16.Nd5 Rc8 17.d4 Bg4 18.dxe5 Nxe5 19.Be2 Nxf3+ 20.Bxf3 Bxf3 21.Qxf3 f5 22.
Bd2 f4 23.c4 c6 24.Nb6 Rd8 25.Bc3 Be5 26.Rad1 Ng7 27.c5 1/2-1/2